[Event "Titled Tuesday intern op 12th Mar Late"]
[Site "Chess.com INT"]
[Date "2024.03.12"]
[Round "2"]
[White "Wadsworth, Matthew J"]
[Black "Perez Ponsa, Federico"]
[Result "0-1"]
[WhiteElo "2450"]
[BlackElo "2538"]
[PlyCount "124"]
[EventDate "2024.03.12"]
[EventType "swiss (blitz)"]
[EventRounds "11"]
[EventCountry "USA"]
[SourceTitle "CB12_2024"]
[SourceDate "2023.10.01"]
[SourceVersion "1"]
[SourceVersionDate "2023.10.01"]
[SourceQuality "1"]

1. Nf3 Nf6 2. g3 g6 3. Bg2 Bg7 4. c4 0-0 5. 0-0 d6 6. Nc3 Nc6 7. Rb1 Bf5 8. d3 Qd7 9. b4 a6 10. a4 Bh3 11. b5 axb5 12. axb5 Nd8 13. Bb2 Bxg2 14. Kxg2 e5 15. Ra1 Ne6 16. Qd2 Nc5 17. Rxa8 Rxa8 18. Ra1 Rxa1 19. Bxa1 e4 20. dxe4 Nfxe4 21. Nxe4 Nxe4 22. Qa2 Bxa1 23. Qa8+ Kg7 24. Qxa1+ f6 25. Qa8 Nc5 26. Nd4 Qf7 27. Qd8 b6 28. h4 h5 29. e3 Kh7 30. Qc8 Kg7 31. Nc6 Ne6 32. Nb4 g5 33. Nd5 gxh4 34. gxh4 Qg6+ 35. Kh2 Qg4 36. Qd7+ Kh6 37. Nxc7 Qxh4+ 38. Kg1 Qg4+ 39. Kf1 Qxc4+ 40. Kg1 Nxc7 41. Qxd6 Kg6 42. Qxb6 Nxb5 43. Qb8 Qg4+ 44. Kh1 Qf3+ 45. Kg1 Qd1+ 46. Kg2 Qd5+ 47. Kg1 Nd6 48. Qh8 Qg5+ 49. Kf1 Qb5+ 50. Kg1 Qd5 51. Kf1 Ne4 52. Qe8+ Kg5 53. Qe7 Qd1+ 54. Kg2 Qg4+ 55. Kf1 Qf3 56. Qg7+ Kh4 57. Qg1 Qd1+ 58. Kg2 Qg4+ 59. Kh2 Qxg1+ 60. Kxg1 Kg4 61. Kg2 Ng5 62. Kg1 Kf3 0-1

[Event "Titled Tuesday intern op 27th Feb Late"]
[Site "Chess.com INT"]
[Date "2024.02.27"]
[Round "5"]
[White "Perez Ponsa, Federico"]
[Black "Diaz Perez, Michel Alejandro"]
[Result "1-0"]
[WhiteElo "2538"]
[BlackElo "2461"]
[PlyCount "51"]
[EventDate "2024.02.27"]
[EventType "swiss (blitz)"]
[EventRounds "11"]
[EventCountry "USA"]
[SourceTitle "CB10_2024"]
[SourceDate "2024.03.06"]
[SourceVersion "1"]
[SourceVersionDate "2024.03.06"]
[SourceQuality "1"]

1. e4 e5 2. Nf3 Nc6 3. d4 exd4 4. Nxd4 Nf6 5. Nxc6 bxc6 6. Bd3 d5 7. exd5 cxd5 8. 0-0 Be7 9. c4 c6 10. Nc3 0-0 11. cxd5 cxd5 12. Be3 Bg4 13. Qd2 Be6 14. Rfe1 Re8 15. Bd4 Bd6 16. Rad1 h6 17. Bc2 Rc8 18. Ba4 Rf8 19. Bb3 Bb4 20. Qd3 Ne4 21. f3 Nxc3 22. bxc3 Bd6 23. Bc2 Re8 24. Qh7+ Kf8 25. Qxg7+ Ke7 26. Bf6+ 1-0

[Event "Titled Tuesday intern op 27th Feb Late"]
[Site "Chess.com INT"]
[Date "2024.02.27"]
[Round "7"]
[White "Pranav, V."]
[Black "Perez Ponsa, Federico"]
[Result "0-1"]
[WhiteElo "2611"]
[BlackElo "2538"]
[PlyCount "136"]
[EventDate "2024.02.27"]
[EventType "swiss (blitz)"]
[EventRounds "11"]
[EventCountry "USA"]
[SourceTitle "CB10_2024"]
[SourceDate "2024.03.06"]
[SourceVersion "1"]
[SourceVersionDate "2024.03.06"]
[SourceQuality "1"]

1. d4 Nf6 2. Nc3 d5 3. Bf4 c5 4. e4 Nxe4 5. Nxe4 dxe4 6. dxc5 Qa5+ 7. c3 Qxc5 8. Qa4+ Nc6 9. Qxe4 g6 10. Nf3 Bg7 11. Qe3 Qxe3+ 12. Bxe3 Bd7 13. Be2 0-0 14. 0-0 Rfd8 15. Rfd1 Be8 16. Nd2 Ne5 17. Nb3 b6 18. Nd4 Rac8 19. Ba6 Rc7 20. h3 Nc4 21. Nf3 Rxd1+ 22. Rxd1 Nxe3 23. Rd8 Nf5 24. Rxe8+ Bf8 25. Ra8 Nd6 26. Kf1 Kg7 27. Bd3 f6 28. Nd4 Rc8 29. Rxa7 f5 30. Ba6 Rb8 31. a4 Kf6 32. f4 Bh6 33. g3 g5 34. fxg5+ Bxg5 35. h4 Bc1 36. b4 Be3 37. Nc6 Re8 38. Bd3 Rg8 39. Nxe7 Rxg3 40. Nd5+ Ke5 41. Nxe3 Rxe3 42. Re7+ Kf4 43. Rxe3 Kxe3 44. Ba6 Ne4 45. c4 f4 46. c5 bxc5 47. bxc5 Nxc5 48. Bb5 Nb3 49. Bc6 h5 50. Kg2 Nd4 51. Bb7 f3+ 52. Kf1 f2 53. a5 Nb3 54. Ba6 Nxa5 55. Be2 Nb3 56. Ba6 Nd2+ 57. Kg2 Nf3 58. Kg3 Ne5 59. Kg2 Ng6 60. Kg3 Ne7 61. Kg2 Nf5 62. Kh3 Nd4 63. Kg2 Ne2 64. Kf1 Nf4 65. Bb5 Kf3 66. Be8 Kg3 67. Bf7 Ng2 68. Ke2 Ne3 0-1

[Event "Titled Tuesday intern op 13th Feb Late"]
[Site "Chess.com INT"]
[Date "2024.02.13"]
[Round "1"]
[White "Haszon, David"]
[Black "Perez Ponsa, Federico"]
[Result "0-1"]
[WhiteElo "2245"]
[BlackElo "2538"]
[PlyCount "70"]
[EventDate "2024.02.13"]
[EventType "swiss (blitz)"]
[EventRounds "11"]
[EventCountry "USA"]
[SourceTitle "CB08_2024"]
[SourceDate "2024.02.21"]
[SourceVersion "1"]
[SourceVersionDate "2024.02.21"]
[SourceQuality "1"]

1. e4 c5 2. Nf3 d6 3. d4 cxd4 4. Nxd4 Nf6 5. Nc3 a6 6. Bc4 e6 7. 0-0 Be7 8. Bb3 0-0 9. Be3 b5 10. a3 Bb7 11. Qd3 Nbd7 12. f3 Ne5 13. Qe2 Rc8 14. Rad1 Nc4 15. Bc1 Qb6 16. Kh1 Nxa3 17. bxa3 Rxc3 18. Bb2 Rcc8 19. Qf2 Rfe8 20. Qg3 d5 21. exd5 Bd6 22. Qg5 h6 23. Qh4 Nxd5 24. Qg4 Ne3 25. Qh5 Qc5 26. Qh3 Nxf1 27. Rxf1 Be5 28. Qg4 Rcd8 29. c3 Bxd4 30. cxd4 Qg5 31. Qh3 Bd5 32. Bc1 Qf5 33. Qxf5 exf5 34. Bc2 Bc4 35. Rd1 Rxd4 0-1

[Event "Titled Tuesday intern op 13th Feb Late"]
[Site "Chess.com INT"]
[Date "2024.02.13"]
[Round "5"]
[White "Niekras, Dawid"]
[Black "Perez Ponsa, Federico"]
[Result "0-1"]
[WhiteElo "2344"]
[BlackElo "2538"]
[PlyCount "128"]
[EventDate "2024.02.13"]
[EventType "swiss (blitz)"]
[EventRounds "11"]
[EventCountry "USA"]
[SourceTitle "CB08_2024"]
[SourceDate "2024.02.21"]
[SourceVersion "1"]
[SourceVersionDate "2024.02.21"]
[SourceQuality "1"]

1. e4 c5 2. Nf3 d6 3. Nc3 Nf6 4. e5 dxe5 5. Nxe5 a6 6. g3 Qd6 7. Nc4 Qc6 8. Rg1 Bg4 9. Be2 Bxe2 10. Qxe2 b5 11. Ne5 Qb7 12. d3 Nbd7 13. Bf4 e6 14. 0-0-0 Be7 15. Kb1 0-0 16. g4 b4 17. Ne4 Nd5 18. Nxd7 Qxd7 19. Bc1 a5 20. g5 a4 21. Qh5 a3 22. Rg3 axb2 23. Bxb2 e5 24. Rh3 Qf5 25. Rf3 Qg6 26. Qxg6 hxg6 27. Bxe5 Rfe8 28. Bb2 Ra6 29. h4 Rea8 30. c4 bxc3 31. Nxc3 Nxc3+ 32. Bxc3 Rxa2 33. Rd2 R2a3 34. Bb2 Rb3 35. Kc2 c4 36. Rf4 Ra2 37. Kc1 c3 38. Bxc3 Rxc3+ 39. Kd1 Ra1+ 40. Ke2 Rcc1 41. Kf3 Bd6 42. Re4 Rc8 43. Rde2 Ra3 44. Re8+ Rxe8 45. Rxe8+ Kh7 46. Rd8 Rxd3+ 47. Ke2 Rd5 48. Rd7 Re5+ 49. Kf1 Be7 50. f4 Re4 51. Kg2 f5 52. gxf6 Bxf6 53. Kf3 Ra4 54. Kg4 Ra1 55. Rd3 Rg1+ 56. Kf3 Bxh4 57. Ke4 Bf6 58. Rh3+ Kg8 59. Rb3 Re1+ 60. Kf3 g5 61. Rb8+ Kh7 62. f5 Rf1+ 63. Kg4 Rf4+ 64. Kh5 Rh4# 0-1

[Event "Titled Tuesday intern op 13th Feb Late"]
[Site "Chess.com INT"]
[Date "2024.02.13"]
[Round "6"]
[White "Perez Ponsa, Federico"]
[Black "Atanasov, Anthony"]
[Result "1-0"]
[WhiteElo "2538"]
[BlackElo "2384"]
[PlyCount "109"]
[EventDate "2024.02.13"]
[EventType "swiss (blitz)"]
[EventRounds "11"]
[EventCountry "USA"]
[SourceTitle "CB08_2024"]
[SourceDate "2024.02.21"]
[SourceVersion "1"]
[SourceVersionDate "2024.02.21"]
[SourceQuality "1"]

1. e4 e5 2. Nf3 Nf6 3. d4 Nxe4 4. Bd3 d5 5. Nxe5 Nd7 6. Nc3 Nxe5 7. dxe5 Bb4 8. 0-0 Nxc3 9. bxc3 Bxc3 10. Rb1 0-0 11. Bxh7+ Kxh7 12. Qd3+ Kg8 13. Qxc3 a5 14. f4 d4 15. Qd3 Qd5 16. c4 Qc6 17. f5 b6 18. Qg3 Bxf5 19. Rxf5 Qe4 20. Rg5 Qxb1 21. Rxg7+ Kh8 22. Qg5 Qxc1+ 23. Qxc1 Kxg7 24. Qg5+ Kh8 25. Qh4+ Kg8 26. Qg4+ Kh7 27. Qe4+ Kg8 28. Qxd4 Rad8 29. Qg4+ Kh7 30. Qh5+ Kg8 31. h4 Rfe8 32. Qg5+ Kh7 33. Qf5+ Kg8 34. h5 Rd1+ 35. Kh2 Rd4 36. Qg5+ Kh7 37. Qf6 Rg8 38. e6 Rdg4 39. Qf5+ Kh6 40. exf7 Rxg2+ 41. Kh3 R8g3+ 42. Kh4 Rg4+ 43. Qxg4 Rxg4+ 44. Kxg4 Kg7 45. Kf5 Kxf7 46. Ke5 c6 47. a4 Kg7 48. Kd4 Kh6 49. c5 bxc5+ 50. Kxc5 Kxh5 51. Kxc6 Kg6 52. Kb6 Kf7 53. Kxa5 Ke8 54. Kb6 Kd8 55. Kb7 1-0

[Event "Titled Tuesday intern op 06th Feb Early"]
[Site "Chess.com INT"]
[Date "2024.02.06"]
[Round "1"]
[White "Miszler, Levente"]
[Black "Perez Ponsa, Federico"]
[Result "0-1"]
[WhiteElo "2269"]
[BlackElo "2538"]
[PlyCount "61"]
[EventDate "2024.02.06"]
[EventType "swiss (blitz)"]
[EventRounds "11"]
[EventCountry "USA"]
[SourceTitle "CB07_2024"]
[SourceDate "2024.02.14"]
[SourceVersion "1"]
[SourceVersionDate "2024.02.14"]
[SourceQuality "1"]

1. Nf3 d5 2. c4 d4 3. e3 Nc6 4. exd4 Nxd4 5. Nxd4 Qxd4 6. Nc3 c6 7. d3 Nh6 8. Be3 Qd8 9. d4 Nf5 10. Be2 g6 11. Qd2 Bg7 12. g4 Nxe3 13. fxe3 0-0 14. h4 h6 15. 0-0-0 c5 16. h5 g5 17. Ne4 cxd4 18. exd4 f5 19. Nxg5 hxg5 20. Qxg5 Kh8 21. h6 Bf6 22. Qh5 fxg4 23. Bxg4 Bxg4 24. Qxg4 Rg8 25. Qe4 Qc8 26. b3 Rg4 27. Qd5 a5 28. h7 Qd8 29. Qe6 Rg6 30. Qf5 Rg5 31. Qxf6+ 0-1

[Event "Titled Tuesday intern op 06th Feb Late"]
[Site "Chess.com INT"]
[Date "2024.02.06"]
[Round "8"]
[White "Nasuta, Grzegorz"]
[Black "Perez Ponsa, Federico"]
[Result "1/2-1/2"]
[WhiteElo "2558"]
[BlackElo "2538"]
[PlyCount "157"]
[EventDate "2024.02.06"]
[EventType "swiss (blitz)"]
[EventRounds "11"]
[EventCountry "USA"]
[SourceTitle "CB07_2024"]
[SourceDate "2024.02.14"]
[SourceVersion "1"]
[SourceVersionDate "2024.02.14"]
[SourceQuality "1"]

1. e4 c5 2. Nf3 d6 3. d4 cxd4 4. Qxd4 Nc6 5. Bb5 a6 6. Bxc6+ bxc6 7. Qa4 Bd7 8. c4 e5 9. 0-0 Ne7 10. c5 Ng6 11. cxd6 Bxd6 12. Rd1 Qe7 13. Nbd2 0-0 14. Nc4 Bc7 15. h3 Rfd8 16. Qc2 Be6 17. Be3 Rxd1+ 18. Rxd1 Rd8 19. Rxd8+ Qxd8 20. Ne1 Nf4 21. b3 h6 22. Nb2 Bb6 23. Bxb6 Qxb6 24. Ned3 Qd4 25. Nc5 Bc8 26. Kh2 Qd6 27. Nbd3 Qg6 28. Nxf4 exf4 29. Qd3 Kh7 30. e5 Bf5 31. Qd6 Bb1 32. a3 f3 33. Qxg6+ Kxg6 34. Nxa6 Kf5 35. Nc5 Kxe5 36. a4 Kd5 37. b4 Ba2 38. a5 Bc4 39. a6 Bxa6 40. Nxa6 fxg2 41. Kxg2 g5 42. Kf3 f5 43. Ke3 Kc4 44. Nb8 c5 45. bxc5 Kxc5 46. Nd7+ Kd5 47. Nb6+ Ke5 48. Nc4+ Kd5 49. Kd3 h5 50. Nd2 Ke5 51. Ke3 f4+ 52. Kf3 Kf5 53. Nc4 g4+ 54. hxg4+ hxg4+ 55. Kg2 Ke4 56. Nd6+ Ke5 57. Nf7+ Kf5 58. Nd8 Ke5 59. Nc6+ Ke4 60. Nb4 Kd4 61. Nc2+ Ke4 62. Na3 Kd4 63. Nb5+ Ke4 64. Nc7 Ke5 65. Ne8 Kf5 66. Nd6+ Ke5 67. Nf7+ Kf5 68. Kf1 Kf6 69. Nd8 Ke5 70. Ke2 Ke4 71. Nc6 f3+ 72. Kf1 Kf4 73. Nb4 g3 74. Nd3+ Ke4 75. fxg3 Kxd3 76. Kf2 Ke4 77. g4 Kf4 78. g5 Kxg5 79. Kxf3 1/2-1/2

[Event "Titled Tuesday intern op 06th Feb Late"]
[Site "Chess.com INT"]
[Date "2024.02.06"]
[Round "4"]
[White "Niemann, Hans Moke"]
[Black "Perez Ponsa, Federico"]
[Result "0-1"]
[WhiteElo "2675"]
[BlackElo "2538"]
[PlyCount "184"]
[EventDate "2024.02.06"]
[EventType "swiss (blitz)"]
[EventRounds "11"]
[EventCountry "USA"]
[SourceTitle "CB07_2024"]
[SourceDate "2024.02.14"]
[SourceVersion "1"]
[SourceVersionDate "2024.02.14"]
[SourceQuality "1"]

1. e4 c5 2. Nf3 d6 3. d4 cxd4 4. Nxd4 Nf6 5. Nc3 a6 6. h3 e6 7. g4 h6 8. Bg2 Be7 9. Be3 Nc6 10. 0-0 Nd7 11. f4 0-0 12. Nxc6 bxc6 13. Qd2 Rb8 14. b3 d5 15. Na4 Nf6 16. e5 Nd7 17. Rae1 c5 18. c4 d4 19. Bf2 Bb7 20. Bg3 Bh4 21. Kh2 Bxg3+ 22. Kxg3 Qc7 23. h4 Rbe8 24. Bxb7 Qxb7 25. Nb2 f6 26. Nd3 fxe5 27. fxe5 Rxf1 28. Rxf1 Qc7 29. Qe2 a5 30. g5 hxg5 31. hxg5 Rf8 32. Rxf8+ Nxf8 33. Qe4 Qe7 34. Kg4 Nh7 35. Qa8+ Nf8 36. Nf4 Qf7 37. Qe4 g6 38. Kg3 Kg7 39. Kg4 Kg8 40. Kg3 Kg7 41. Kg2 Qe7 42. Nh3 Qf7 43. Qf4 Nd7 44. Kg3 Qe7 45. Nf2 Qf7 46. Qxf7+ Kxf7 47. Kf4 Ke7 48. Nd3 Kf7 49. Ke4 Ke7 50. a3 Kd8 51. Nf4 Nf8 52. Nd3 Nd7 53. b4 cxb4 54. axb4 a4 55. Kxd4 a3 56. Kc3 Kc7 57. Kb3 Nb6 58. c5 Nd5 59. Kxa3 Nc3 60. Kb3 Ne4 61. b5 Nxg5 62. Kc4 Nf3 63. b6+ Kc6 64. Nb4+ Kb7 65. Kb5 Nd4+ 66. Kc4 Nf3 67. Nd3 g5 68. Nb4 g4 69. Kb5 Nd4+ 70. Kc4 g3 71. Kxd4 g2 72. Kc4 g1Q 73. Nd3 Qe3 74. Kc3 Qe4 75. Kd2 Qd4 76. Kc2 Kc6 77. Kd2 Qe4 78. Kc3 Qe3 79. Kc4 Qe2 80. Kd4 Qg4+ 81. Kc3 Qh4 82. Kb3 Qd4 83. Kc2 Qc4+ 84. Kd2 Qb3 85. Ke3 Kd5 86. Kd2 Kd4 87. Nc1 Qc3+ 88. Kd1 Kxc5 89. b7 Qd4+ 90. Kc2 Qc4+ 91. Kb2 Qb4+ 92. Nb3+ Kd5 0-1

[Event "Titled Tuesday intern op 06th Feb Late"]
[Site "Chess.com INT"]
[Date "2024.02.06"]
[Round "5"]
[White "Perez Ponsa, Federico"]
[Black "Duda, Jan Krzysztof"]
[Result "0-1"]
[WhiteElo "2538"]
[BlackElo "2732"]
[PlyCount "114"]
[EventDate "2024.02.06"]
[EventType "swiss (blitz)"]
[EventRounds "11"]
[EventCountry "USA"]
[SourceTitle "CB07_2024"]
[SourceDate "2024.02.14"]
[SourceVersion "1"]
[SourceVersionDate "2024.02.14"]
[SourceQuality "1"]

1. e4 e6 2. d4 d5 3. Nc3 Nf6 4. Bg5 Be7 5. e5 Nfd7 6. Bxe7 Qxe7 7. f4 a6 8. Nf3 c5 9. Qd2 Nc6 10. dxc5 Nxc5 11. Qe3 b5 12. a3 0-0 13. Bd3 d4 14. Nxd4 Nxd4 15. Qxd4 Rd8 16. Qe3 Bb7 17. 0-0 Nxd3 18. cxd3 Rac8 19. f5 Qd7 20. fxe6 fxe6 21. Rad1 Qd4 22. Qxd4 Rxd4 23. Ne2 Rg4 24. Rf2 Rc2 25. Rdf1 Rxg2+ 26. Rxg2 Bxg2 27. Rf2 Bh3 28. b4 h5 29. d4 h4 30. d5 exd5 31. e6 Bxe6 32. Nd4 Rc1+ 33. Kg2 Bd7 34. Nf3 Rc3 35. Rd2 Rxa3 36. Nxh4 Kf7 37. Nf3 Ke6 38. Nd4+ Ke5 39. Nf3+ Kd6 40. Kf2 Rb3 41. Rd4 Bf5 42. Nd2 Rh3 43. Rf4 Rxh2+ 44. Ke3 Rh5 45. Nf3 g6 46. Rd4 Rh3 47. Kf4 Rh1 48. Rd2 Rf1 49. Ke3 Rb1 50. Nd4 Rxb4 51. Ra2 Ra4 52. Rh2 Kc5 53. Nb3+ Kc4 54. Nd2+ Kc3 55. Nf3 d4+ 56. Kf2 Ra2+ 57. Kg3 Rxh2 0-1

[Event "Titled Tuesday intern op 06th Feb Early"]
[Site "Chess.com INT"]
[Date "2024.02.06"]
[Round "8"]
[White "Perez Ponsa, Federico"]
[Black "Paravyan, David"]
[Result "0-1"]
[WhiteElo "2538"]
[BlackElo "2612"]
[PlyCount "60"]
[EventDate "2024.02.06"]
[EventType "swiss (blitz)"]
[EventRounds "11"]
[EventCountry "USA"]
[SourceTitle "CB07_2024"]
[SourceDate "2024.02.14"]
[SourceVersion "1"]
[SourceVersionDate "2024.02.14"]
[SourceQuality "1"]

1. e4 e5 2. Nf3 Nf6 3. d4 Nxe4 4. Bd3 d5 5. Nxe5 Nd7 6. Nc3 Bb4 7. 0-0 Nxe5 8. dxe5 Nxc3 9. bxc3 Bxc3 10. Rb1 0-0 11. Bxh7+ Kxh7 12. Qd3+ Kg8 13. Qxc3 a5 14. f4 d4 15. Qd3 Re8 16. Bd2 Ra6 17. Rbe1 Qd5 18. f5 f6 19. e6 Bxe6 20. fxe6 Raxe6 21. Rxe6 Rxe6 22. c4 Qd7 23. Qf5 b6 24. h4 Qc6 25. h5 Re2 26. Qg4 Rxd2 27. h6 g5 28. Re1 d3 29. h7+ Kh8 30. Re7 Qc5+ 0-1

[Event "Titled Tuesday intern op 06th Feb Early"]
[Site "Chess.com INT"]
[Date "2024.02.06"]
[Round "2"]
[White "Perez Ponsa, Federico"]
[Black "Prado Lobo, Jonas"]
[Result "1-0"]
[WhiteElo "2538"]
[BlackElo "2383"]
[PlyCount "45"]
[EventDate "2024.02.06"]
[EventType "swiss (blitz)"]
[EventRounds "11"]
[EventCountry "USA"]
[SourceTitle "CB07_2024"]
[SourceDate "2024.02.14"]
[SourceVersion "1"]
[SourceVersionDate "2024.02.14"]
[SourceQuality "1"]

1. e4 e5 2. Nf3 Nf6 3. d4 Nxe4 4. Bd3 d5 5. Nxe5 Nd7 6. Nc3 Nxe5 7. dxe5 Bb4 8. 0-0 Nxc3 9. bxc3 Bxc3 10. Rb1 0-0 11. Bxh7+ Kxh7 12. Qd3+ Kg8 13. Qxc3 a5 14. f4 Qd7 15. f5 Ra6 16. Qg3 Qa4 17. h3 Bxf5 18. Rxb7 Rg6 19. Qf4 Qxc2 20. Rf2 Qd1+ 21. Kh2 c6 22. Ba3 Bc8 23. Rc7 1-0

[Event "Titled Tuesday intern op 06th Feb Late"]
[Site "Chess.com INT"]
[Date "2024.02.06"]
[Round "11"]
[White "Pinero Rodriguez, Carlos Jose"]
[Black "Perez Ponsa, Federico"]
[Result "0-1"]
[WhiteElo "2242"]
[BlackElo "2538"]
[PlyCount "76"]
[EventDate "2024.02.06"]
[EventType "swiss (blitz)"]
[EventRounds "11"]
[EventCountry "USA"]
[SourceTitle "CB07_2024"]
[SourceDate "2024.02.14"]
[SourceVersion "1"]
[SourceVersionDate "2024.02.14"]
[SourceQuality "1"]

1. e4 c5 2. Nf3 d6 3. d4 cxd4 4. Nxd4 Nf6 5. Nc3 a6 6. Bg5 e6 7. f4 h6 8. Bh4 Qb6 9. a3 Nbd7 10. Bf2 Qc7 11. Bd3 b5 12. Qe2 Bb7 13. 0-0-0 Rc8 14. Kb1 Be7 15. g4 g5 16. f5 e5 17. Nb3 Nb6 18. Bxb6 Qxb6 19. h3 h5 20. h4 Nxg4 21. hxg5 Bxg5 22. Rxh5 Rxh5 23. Qxg4 Rh2 24. Qxg5 Qf2 25. Qf6 Rd8 26. Na5 Ba8 27. Nb3 Qh4 28. Qg7 Qh6 29. Qg1 Kf8 30. Nd2 Rxd2 31. Rxd2 Qxd2 32. Qb6 Qg5 33. a4 bxa4 34. Nxa4 Kg7 35. Qxa6 d5 36. exd5 Bxd5 37. Nb6 Rd6 38. Qb5 Qg1+ 0-1

[Event "Titled Tuesday intern op 06th Feb Late"]
[Site "Chess.com INT"]
[Date "2024.02.06"]
[Round "9"]
[White "Rozman, Levy"]
[Black "Perez Ponsa, Federico"]
[Result "0-1"]
[WhiteElo "2322"]
[BlackElo "2538"]
[PlyCount "80"]
[EventDate "2024.02.06"]
[EventType "swiss (blitz)"]
[EventRounds "11"]
[EventCountry "USA"]
[SourceTitle "CB07_2024"]
[SourceDate "2024.02.14"]
[SourceVersion "1"]
[SourceVersionDate "2024.02.14"]
[SourceQuality "1"]

1. e4 c5 2. a3 g6 3. Nc3 Bg7 4. Bc4 Nc6 5. d3 e6 6. Ba2 Nge7 7. Rb1 0-0 8. h4 h5 9. g4 hxg4 10. h5 Ne5 11. f4 gxf3 12. Nxf3 N7c6 13. h6 Nxf3+ 14. Qxf3 Be5 15. h7+ Kh8 16. Bh6 Nd4 17. Qf2 Bg7 18. Bxg7+ Kxg7 19. Ne2 Kh8 20. Nxd4 cxd4 21. Qxd4+ f6 22. Kd2 Qa5+ 23. b4 Qb6 24. Ke3 d6 25. Rbg1 g5 26. Bb3 Bd7 27. Rh6 Rf7 28. a4 Qxd4+ 29. Kxd4 Raf8 30. b5 Rxh7 31. Rxh7+ Kxh7 32. c4 Rc8 33. Ke3 Kg6 34. Rh1 f5 35. d4 f4+ 36. Kf3 e5 37. dxe5 dxe5 38. Rd1 g4+ 39. Kf2 Be6 40. Rd6 Kf7 0-1

[Event "Titled Tuesday intern op 06th Feb Early"]
[Site "Chess.com INT"]
[Date "2024.02.06"]
[Round "3"]
[White "Samant, Aditya S"]
[Black "Perez Ponsa, Federico"]
[Result "0-1"]
[WhiteElo "2512"]
[BlackElo "2538"]
[PlyCount "44"]
[EventDate "2024.02.06"]
[EventType "swiss (blitz)"]
[EventRounds "11"]
[EventCountry "USA"]
[SourceTitle "CB07_2024"]
[SourceDate "2024.02.14"]
[SourceVersion "1"]
[SourceVersionDate "2024.02.14"]
[SourceQuality "1"]

1. b3 e5 2. Bb2 Nc6 3. e3 Nf6 4. Bb5 e4 5. Ne2 a6 6. Bxc6 dxc6 7. Ng3 h5 8. Bxf6 Qxf6 9. Nc3 Qg6 10. h4 Bg4 11. f3 Bxf3 12. gxf3 Qxg3+ 13. Kf1 exf3 14. Rg1 Qh3+ 15. Kf2 0-0-0 16. d4 Qxh4+ 17. Kxf3 Rh6 18. Ke2 Bb4 19. Kd3 c5 20. d5 Qf6 21. Ne4 Rxd5+ 22. Ke2 Rxd1 0-1

[Event "Chessable Masters Play In"]
[Site "Chess.com INT"]
[Date "2024.01.31"]
[Round "6"]
[White "Perez Ponsa, Federico"]
[Black "Cuenca Jimenez, Jose Fernando"]
[Result "1-0"]
[WhiteElo "2538"]
[BlackElo "2514"]
[PlyCount "79"]
[EventDate "2024.01.31"]
[EventType "swiss (rapid)"]
[EventRounds "9"]
[EventCountry "USA"]
[SourceTitle "CB06_2024"]
[SourceDate "2024.02.07"]
[SourceVersion "1"]
[SourceVersionDate "2024.02.07"]
[SourceQuality "1"]

1. e4 e5 2. Nf3 Nc6 3. d4 exd4 4. Nxd4 Nf6 5. Nxc6 bxc6 6. Bd3 d5 7. exd5 cxd5 8. 0-0 Be7 9. c4 d4 10. Nd2 0-0 11. Ne4 Bb7 12. Nxf6+ Bxf6 13. b4 g6 14. Re1 Qd6 15. b5 a6 16. a4 axb5 17. cxb5 Rfe8 18. Bd2 Be5 19. h3 Qd5 20. Qg4 Qb3 21. Bf1 d3 22. Qd7 Red8 23. Qe7 Bxa1 24. Rxa1 Qb2 25. Rd1 Qc2 26. Bh6 Qc3 27. Rc1 Qd4 28. Rxc7 Bd5 29. Bd2 Re8 30. Qd6 Re2 31. Be3 Rxe3 32. fxe3 Qxe3+ 33. Kh2 Re8 34. Rc3 Be4 35. Qf6 Qd2 36. Rc7 Rf8 37. b6 Qe3 38. b7 Bxb7 39. Rxb7 d2 40. Bc4 1-0

[Event "Chessable Masters Play In"]
[Site "Chess.com INT"]
[Date "2024.01.31"]
[Round "5"]
[White "Perez Ponsa, Federico"]
[Black "Sargsyan, Shant"]
[Result "0-1"]
[WhiteElo "2538"]
[BlackElo "2634"]
[PlyCount "104"]
[EventDate "2024.01.31"]
[EventType "swiss (rapid)"]
[EventRounds "9"]
[EventCountry "USA"]
[SourceTitle "CB06_2024"]
[SourceDate "2024.02.07"]
[SourceVersion "1"]
[SourceVersionDate "2024.02.07"]
[SourceQuality "1"]

1. e4 e5 2. Nf3 Nc6 3. d4 exd4 4. Nxd4 Nf6 5. Nxc6 bxc6 6. Bd3 Bc5 7. e5 Nd5 8. 0-0 0-0 9. a3 a5 10. c4 Ne7 11. Nc3 Ng6 12. Qh5 Re8 13. Bg5 Rxe5 14. Qxg6 Qxg5 15. Qxh7+ Kf8 16. Qh8+ Ke7 17. Rae1 Bb7 18. Qh7 Bd4 19. Ne4 Qh6 20. Qxh6 gxh6 21. Nc5 Bc8 22. Rxe5+ Bxe5 23. Re1 Kf6 24. Ne4+ Kg7 25. b3 d6 26. Ng3 Rb8 27. Bc2 Be6 28. a4 Bc3 29. Re3 Bd4 30. Rd3 c5 31. Ne2 Be5 32. f4 Bf6 33. f5 Bd7 34. Nf4 Bd4+ 35. Kf1 c6 36. Nh5+ Kf8 37. g4 d5 38. cxd5 cxd5 39. Nf4 Bc6 40. Bd1 Ke7 41. Bf3 Kd6 42. h4 Bb7 43. Kg2 Ke5 44. Kg3 Ba6 45. Rd1 Rxb3 46. Re1+ Kd6 47. g5 hxg5 48. hxg5 Bc8 49. g6 fxg6 50. fxg6 Bf5 51. Re8 Be4 52. Rd8+ Ke7 0-1

[Event "Titled Tuesday intern op 09th Jan Early"]
[Site "Chess.com INT"]
[Date "2024.01.09"]
[Round "5"]
[White "Perez Ponsa, Federico"]
[Black "Potkin, Vladimir"]
[Result "1-0"]
[WhiteElo "2538"]
[BlackElo "2555"]
[PlyCount "77"]
[EventDate "2024.01.09"]
[EventType "swiss (blitz)"]
[EventRounds "11"]
[EventCountry "USA"]
[SourceTitle "CB03_2024"]
[SourceDate "2024.01.17"]
[SourceVersion "1"]
[SourceVersionDate "2024.01.17"]
[SourceQuality "1"]

1. e4 c5 2. Nf3 e6 3. d4 cxd4 4. Nxd4 Nc6 5. Nc3 Qc7 6. Be3 a6 7. Qd2 Nf6 8. f4 b5 9. e5 b4 10. Ncb5 axb5 11. Nxb5 Qb8 12. exf6 gxf6 13. a4 d5 14. Bd3 Bd7 15. 0-0 f5 16. c4 dxc4 17. Bxc4 Na5 18. Rad1 Bc6 19. Be2 Be7 20. Bf3 Qb7 21. Nd6+ Bxd6 22. Qxd6 Bxf3 23. Rxf3 Rg8 24. Bc5 Nc4 25. Qd4 Nxb2 26. Rg3 Rf8 27. Qd6 Rh8 28. Qe5 Nxd1 29. Qxh8+ Kd7 30. Qd4+ Qd5 31. Qxb4 Rc8 32. Qb5+ Kd8 33. Rd3 Rxc5 34. Rxd5+ Rxd5 35. Qb8+ Ke7 36. Qc7+ Kf6 37. a5 Kg6 38. a6 Ne3 39. a7 1-0

[Event "Mar de Ajo op 5th"]
[Site "Mar de Ajo"]
[Date "2023.11.11"]
[Round "4"]
[White "Perez Ponsa, Federico"]
[Black "Rodriguez Vila, Andres"]
[Result "1-0"]
[WhiteElo "2524"]
[BlackElo "2405"]
[PlyCount "49"]
[EventDate "2023.11.10"]
[EventType "swiss"]
[EventRounds "6"]
[EventCountry "ARG"]
[SourceTitle "CB46_2023"]
[SourceDate "2023.11.15"]
[SourceVersion "1"]
[SourceVersionDate "2023.11.15"]
[SourceQuality "1"]

1. e4 e5 2. Nf3 Nc6 3. Bb5 a6 4. Ba4 Nf6 5. 0-0 d6 6. c3 Be7 7. Re1 0-0 8. h3 Nd7 9. d4 Bf6 10. Bc2 Re8 11. Be3 exd4 12. cxd4 Nb4 13. Bb3 Rxe4 14. Nc3 Re8 15. Ng5 Bxg5 16. Bxg5 Rxe1+ 17. Qxe1 Qf8 18. a3 Nc6 19. Nd5 Nb6 20. Nxc7 Rb8 21. Qe3 Na8 22. Nd5 Kh8 23. Qe4 f6 24. Nxf6 gxf6 25. Qe8 1-0